000 00340pab a2200145 454500
008 180718b1990 xxu||||| |||| 00| 0 eng d
100 _aJain, Hemchand
245 _aLand Reforms & eighth five year plan
260 _c1990
300 _a30-4
362 _aDec.
650 _aLand Tenure - India
773 _aKurukshetra
909 _a12299
999 _c12299
_d12299